Normal view
MARC view
Entry Topical Term
001 - CONTROL NUMBER
- control field: 6815
003 - CONTROL NUMBER IDENTIFIER
- control field: BD-RjUL
005 - DATE AND TIME OF LATEST TRANSACTION
- control field: 20230201132215.0
008 - FIXED-LENGTH DATA ELEMENTS
- fixed length control field: 230201|| aca||aabn | a|a d
040 ## - CATALOGING SOURCE
- Original cataloging agency: BD-RjUL
- Transcribing agency: BD-RjUL
150 ## - HEADING--TOPICAL TERM
- Topical term or geographic name entry element: Madrasa Education
- Geographic subdivision: Bangladesh
- Geographic subdivision: Rangpur District
670 ## - SOURCE DATA FOUND
- Source citation: Work cat.: (BD-RjUL)79742: আজাদ, মুহাম্মদ আবুল কালাম 2631, আলিয়া মাদ্রাসা শিক্ষার বিকাশ ও আধুনিকায়ন :, ২০০৯